Countries, States, Capitals, Elements: Frequency of Letters - Statistics

General Stats
  • This quiz has been taken 36 times
  • The average score is 16 of 26
Answer Stats
# Letter % Correct
631 A
97%
437 I
97%
382 N
94%
312 E
90%
306 O
87%
280 R
77%
234 S
77%
253 U
74%
230 M
71%
231 T
71%
125 C
65%
135 D
65%
189 L
65%
124 B
58%
110 G
58%
104 H
52%
85 P
52%
60 Y
52%
71 K
48%
5 Q
48%
8 X
48%
43 W
45%
23 Z
45%
25 J
39%
52 V
39%
28 F
35%
No matching quizzes found
Score Distribution
Percent of People with Each Score
Percentile by Number Answered
Your Score History
You have not taken this quiz